Statistiques concernant Tous les os du corps humain

Cliquez ici pour prendre le quiz!

Statistiques générales

  • Ce quiz a été pris 148 fois
  • Le résultat moyen est 26 sur 59

Statistiques - réponses

HintRéponse% Correct
Cuissefémur
88%
Jambetibia
87%
Brashumérus
85%
Avant-brasradius
85%
Avant-brasulna (cubitus)
83%
Thorax12 paires de côtes, (7 vraies, 3 fausses et 2 flottantes)
80%
Jambefibula (péroné)
77%
Ceinture scapulaireScapula
70%
Main5 os métacarpiens
68%
Main14 phalanges
67%
Pied14 phalanges
67%
Ceinture scapulaireClavicule
67%
Thorax
(impair)
sternum
62%
Pied5 os métatarsiens
61%
Bassin5 vertèbres coccygiennes vestigiales (Coccyx)
59%
Oreille moyenne
(pair)
marteau (malleus)
58%
Oreille moyenne
(pair)
enclume (incus)
56%
Oreille moyenne
(pair)
étrier (stapes)
55%
Cuisse
(sésamoïde)
patella (rotule)
54%
Crâne
(impair)
os occipital
51%
Face
(impair)
mandibule
50%
Crâne
(impair)
os frontal
49%
Bassin5 vertèbres sacrées fusionnées (Sacrum)
48%
Crâne
(pair)
os pariétal
47%
Crâne
(pair)
os temporal
45%
Cou7 vertèbres cervicales
44%
Poignet
(carpe)
scaphoïde
42%
Poignet
(carpe)
trapèze
41%
Abdomen5 vertèbres lombaires
40%
Poignet
(carpe)
trapézoïde
40%
Face
(pair)
os maxillaire
38%
Face
(pair)
os nasal
38%
Crâne
(impair)
os sphénoïde
38%
Poignet
(carpe)
pisiforme
38%
Poignet
(carpe)
lunatum
36%
Pied
(tarse)
talus
36%
Thorax12 vertèbres thoraciques
35%
Face
(pair)
os zygomatique
34%
Pied
(tarse)
calcanéus
33%
Poignet
(carpe)
capitatum
32%
Ceinture pelviennepubis
32%
Pied
(tarse)
cuboïde
31%
Poignet
(carpe)
hamatum
31%
Pied
(tarse)
cunéiforme intermédiaire
30%
Pied
(tarse)
cunéiforme latéral
30%
Pied
(tarse)
cunéiforme médial
30%
Poignet
(carpe)
triquetrum
30%
Face
(impair)
os ethmoïde
28%
Pied
(tarse)
naviculaire
26%
Face
(pair)
os lacrymal
24%
Cou
(impair)
os hyoïde
23%
Face
(impair)
vomer
23%
Pied2 os sésamoïdes
21%
Main3 os sésamoïdes
21%
Ceinture pelvienneos coxal
21%
Face
(pair)
os palatin
21%
Ceinture pelvienneilium
20%
Face
(pair)
cornet nasal inférieur
12%
Ceinture scapulairemanubrium sternal
12%

Distribution des résultats

Percentile par nombre de réponses

% des personnes avec chaque résultat

Votre développement - résultats

Vous n’avez pas pris ce quiz